000 00691nam a2200241Ia 4500
008 191130s1991##################000#0#eng##
020 _a9780333452790
040 _aACL
_cACL
082 _a324.9 MAC
100 _aMackie, Thomas. T
245 _aThe international almanac of electoral history
_cThomas T. Mackie and Richard Rose
250 _aFully revises third ed
260 _aLondon
_bMacmillan
_cc1991
300 _axv, 511 p. ; 24 cm
650 _aElection
650 _aElection statistics
650 _aLegislative bodies
650 _aPolitical parties
700 _aRose, Richard
990 _a2e2a4807ac10000c363def33400e7c8d
991 _a148874
999 _c54250
_d54250